Alejandro Magno (Record no. 75297)

MARC details
000 -LEADER
campo de control de longitud fija 00566nam a2200181 i 4500
001 - NÚMERO DE CONTROL
campo de control 75297
003 - IDENTIFICADOR DE NÚMERO DE CONTROL
campo de control ES-MaACL
005 - FECHA Y HORA DE LA ÚLTIMA TRANSACCIÓN
campo de control 20230906172411.0
007 - CAMPO FIJO DE DESCRIPCIÓN FÍSICA--INFORMACIÓN GENERAL
campo de control de longitud fija t|
008 - DATOS DE LONGITUD FIJA--INFORMACIÓN GENERAL
campo de control de longitud fija 040923s1943 sp ||||1| spa d
100 1# - ENTRADA PRINCIPAL--NOMBRE DE PERSONA
Nombre de persona Gregor, Joseph.
9 (RLIN) 59888
245 10 - MENCIÓN DEL TÍTULO
Título Alejandro Magno
Resto del título : dominio mundial de una idea /
Mención de responsabilidad, etc. Joseph Gregor ; traducción de Jaime Bofill y Ferro.
250 ## - MENCION DE EDICION
Mención de edición [1ª ed.].
260 ## - PUBLICACIÓN, DISTRIBUCIÓN, ETC.
Lugar de publicación, distribución, etc. Barcelona :
Nombre del editor, distribuidor, etc. Iberia,
Fecha de publicación, distribución, etc. [1943] (
Fabricante Rex)
300 ## - DESCRIPCIÓN FÍSICA
Extensión 390 p., 53 lám. ;
Dimensiones 22 cm.
700 1# - ENTRADA AGREGADA--NOMBRE PERSONAL
Nombre de persona Bofill i Ferro, Jaume.
9 (RLIN) 29787
852 ## - LOCALIZACIÓN
Ubicación ES-MaACL
Número de control de estantería C-5398
Sublocalización o colección R.25669
Holdings
Estatus retirado Estado de pérdida Estado de daño No para préstamo Biblioteca de origen Biblioteca actual Ubicación en estantería Fecha de adquisición Fuente de adquisición Total de préstamos Signatura topográfica completa Código de barras Visto por última vez Precio de reemplazo Tipo de ítem Koha
        Biblioteca del Ateneo de Madrid Biblioteca del Ateneo de Madrid Sala Palomar 17/01/2008     C-5398 1078812 23/02/2023 23/02/2023 Libro impreso